000
00335 a2200109 4500
001
ART_19021
005
20260410161704.0
008
260409a
245
1
0
_a
Deducción en ganancias de operaciones con monotributistas
100
1
_a
Colaneri, Horacio A.
773
0
_t
Revista Impuestos
_g
- Nº 15 (ago. 2009)
_w
REV639
999
_c
15475
_d
15475